Optimization for machine learning (Record no. 11953)

000 -LEADER
fixed length control field 01228cam a22003374a 4500
001 - CONTROL NUMBER
control field 16645059
005 - DATE AND TIME OF LATEST TRANSACTION
control field 20170105102351.0
008 - FIXED-LENGTH DATA ELEMENTS--GENERAL INFORMATION
fixed length control field 110209s2012 maua b 000 0 eng
010 ## - LIBRARY OF CONGRESS CONTROL NUMBER
LC control number 2011002059
016 7# - NATIONAL BIBLIOGRAPHIC AGENCY CONTROL NUMBER
Record control number 015874087
Source Uk
020 ## - INTERNATIONAL STANDARD BOOK NUMBER
International Standard Book Number 9780262016469 (hardcover : alk. paper)
020 ## - INTERNATIONAL STANDARD BOOK NUMBER
International Standard Book Number 026201646X (hardcover : alk. paper)
035 ## - SYSTEM CONTROL NUMBER
System control number (OCoLC)ocn701493361
040 ## - CATALOGING SOURCE
Original cataloging agency DLC
Transcribing agency DLC
Modifying agency YDX
-- YDXCP
-- UKMGB
-- CDX
-- DLC
042 ## - AUTHENTICATION CODE
Authentication code pcc
082 00 - DEWEY DECIMAL CLASSIFICATION NUMBER
Classification number 006.31
Edition number 22
245 00 - TITLE STATEMENT
Title Optimization for machine learning
Statement of responsibility, etc. Suvrit Sra, Sebastian Nowozin, and Stephen J. Wright.
260 ## - PUBLICATION, DISTRIBUTION, ETC.
Place of publication, distribution, etc. Cambridge, Mass. :
Name of publisher, distributor, etc. MIT Press,
Date of publication, distribution, etc. c2012.
300 ## - PHYSICAL DESCRIPTION
Extent ix, 494 p. :
Other physical details ill. ;
Dimensions 26 cm
490 1# - SERIES STATEMENT
Series statement Neural information processing series
504 ## - BIBLIOGRAPHY, ETC. NOTE
Bibliography, etc. note Includes bibliographical references.
650 #0 - SUBJECT ADDED ENTRY--TOPICAL TERM
Topical term or geographic name entry element Machine learning
General subdivision Mathematical models.
650 #0 - SUBJECT ADDED ENTRY--TOPICAL TERM
Topical term or geographic name entry element Mathematical optimization.
700 1# - ADDED ENTRY--PERSONAL NAME
Personal name Sra, Suvrit,
Dates associated with a name 1976-
700 1# - ADDED ENTRY--PERSONAL NAME
Personal name Nowozin, Sebastian,
Dates associated with a name 1980-
700 1# - ADDED ENTRY--PERSONAL NAME
Personal name Wright, Stephen J.,
Dates associated with a name 1960-
830 #0 - SERIES ADDED ENTRY--UNIFORM TITLE
Uniform title Neural information processing series.
906 ## - LOCAL DATA ELEMENT F, LDF (RLIN)
a 7
b cbc
c orignew
d 1
e ecip
f 20
g y-gencatlg
942 ## - ADDED ENTRY ELEMENTS (KOHA)
Source of classification or shelving scheme
Koha item type Book
Holdings
Withdrawn status Lost status Damaged status Not for loan Collection code Permanent Location Current Location Shelving location Date acquired Source of acquisition Cost, normal purchase price Total Checkouts Full call number Barcode Date last seen Date last checked out Price effective from Koha item type
          Central Library (CL) Central Library (CL) First Floor - Artificial Intelligence/Data Mining 06/26/2013 Multi-Line Books 3625.34 1 006.31 SRA SEECS012589 09/22/2023 04/28/2023 06/26/2013 Book
© 2023 Central Library, National University of Sciences and Technology. All Rights Reserved.